Reconnaissance of the Book cliffs coal field between Grand river, Colorado and Sunnyside, Utah, (Record no. 24812)

MARC details
000 -LEADER
fixed length control field 00960cam a22002651 4500
001 - CONTROL NUMBER
control field gs 09000073
003 - CONTROL NUMBER IDENTIFIER
control field DLC
005 - DATE AND TIME OF LATEST TRANSACTION
control field 20260227111308.0
008 - FIXED-LENGTH DATA ELEMENTS--GENERAL INFORMATION
fixed length control field 720328s1909 dcuabf f000 0 eng c
010 ## - LIBRARY OF CONGRESS CONTROL NUMBER
LC control number gs 09000073
035 ## - SYSTEM CONTROL NUMBER
System control number (OCoLC)271945
040 ## - CATALOGING SOURCE
Original cataloging agency Library, U.S. Geological Survey (200) E no. 371
Transcribing agency ODaWU
Modifying agency OCoLC
-- DLC
042 ## - AUTHENTICATION CODE
Authentication code premarc
050 00 - LIBRARY OF CONGRESS CALL NUMBER
Classification number QE75
Item number .B9 no. 371
051 ## - LIBRARY OF CONGRESS COPY, ISSUE, OFFPRINT STATEMENT
Classification number TN805.C6
Item number R6
Copy information 2d set.
100 1# - MAIN ENTRY--PERSONAL NAME
Personal name Richardson, G. B.
Fuller form of name (George Burr),
Dates associated with a name 1872-1949.
245 10 - TITLE STATEMENT
Title Reconnaissance of the Book cliffs coal field between Grand river, Colorado and Sunnyside, Utah,
Statement of responsibility, etc. by G. B. Richardson.
260 ## - PUBLICATION, DISTRIBUTION, ETC.
Place of publication, distribution, etc. Washington,
Name of publisher, distributor, etc. Govt. Print. Off.,
Date of publication, distribution, etc. 1909.
300 ## - PHYSICAL DESCRIPTION
Extent 54 p.
Other physical details illus., x pl. (part fold., incl. map)
Dimensions 24 cm.
490 0# - SERIES STATEMENT
Series statement United States. Geological survey. Bulletin
Volume/sequential designation 371
650 #0 - SUBJECT ADDED ENTRY--TOPICAL TERM
Topical term or geographic name entry element Geology
Geographic subdivision Utah.
650 #0 - SUBJECT ADDED ENTRY--TOPICAL TERM
Topical term or geographic name entry element Geology
Geographic subdivision Colorado.
650 #0 - SUBJECT ADDED ENTRY--TOPICAL TERM
Topical term or geographic name entry element Coal mines and mining
Geographic subdivision Utah.
650 #0 - SUBJECT ADDED ENTRY--TOPICAL TERM
Topical term or geographic name entry element Coal mines and mining
Geographic subdivision Colorado.

No items available.

Powered by Koha